| 000 | 00506nam a22001937a 4500 | ||
|---|---|---|---|
| 003 | OSt | ||
| 005 | 20181005192615.0 | ||
| 008 | 181005b xxu||||| |||| 00| 0 eng d | ||
| 020 | _a9780781772082 | ||
| 040 | _cDNLM | ||
| 082 | _aQV4 F247p 2008 | ||
| 100 |
_aFarrell, Susan E. _912723 |
||
| 245 | _aPrinciples of Pharmacology: workbook | ||
| 260 | _aPhiladelphia; Wolters kluwer, 2008 | ||
| 300 | _axii,303p; ill: 28cm | ||
| 504 | _aAnswers included | ||
| 650 |
_aPharmacology _9357 |
||
| 942 |
_2z _cSLOAN |
||
| 999 |
_c6164 _d6164 |
||